000 00309nam a22001217a 4500
082 _a629.25 ANS'W
100 _aANSDALE, R. F,LOCKEY, D. J
_978301
245 _aTHE WANKEL RC ENGINE DESIGN AND PERFORMANCE
260 _aLONDON
_bLIFE BOOKS
_c1968
300 _a158P
650 _a ACC NO-
_910453
942 _cBK
999 _c583444
_d583444